000
00312nam a2200145Ia 4500
100
_a
Bimbhra/P.S.
942
_c
BK
654
_a
Electrical Machinery
245
_a
Electrical Machinery
260
_b
Khanna Pub
_a
Delhi
_c
1997
082
_a
621.31042
_b
BIM
300
_a
1182
546
_a
ENGLISH
999
_c
29272
_d
29272